可以自己看家吗?( "Can I look after the house by myself?" ) / (Record no. 10059)
[ view plain ]
| 000 -LEADER | |
|---|---|
| fixed length control field | 00866nam a22001937a 4500 |
| 001 - CONTROL NUMBER | |
| control field | 10059 |
| 003 - CONTROL NUMBER IDENTIFIER | |
| control field | FISKH |
| 005 - DATE AND TIME OF LATEST TRANSACTION | |
| control field | 20260403111721.0 |
| 008 - FIXED-LENGTH DATA ELEMENTS--GENERAL INFORMATION | |
| fixed length control field | 260402b cb ||||| |||| 00| 0 eng d |
| 020 ## - INTERNATIONAL STANDARD BOOK NUMBER | |
| International Standard Book Number | 9787568259453 |
| 040 ## - CATALOGING SOURCE | |
| Original cataloging agency | FISKH |
| Language of cataloging | chi |
| Transcribing agency | FISKH |
| Modifying agency | FISKH |
| 082 ## - DEWEY DECIMAL CLASSIFICATION NUMBER | |
| Classification number | 895.63 |
| 100 ## - MAIN ENTRY--PERSONAL NAME | |
| Personal name | 大泽千加 |
| 245 ## - TITLE STATEMENT | |
| Title | 可以自己看家吗?( "Can I look after the house by myself?" ) / |
| Statement of responsibility, etc. | 大泽千加 |
| 300 ## - PHYSICAL DESCRIPTION | |
| Extent | 28 pages : |
| Other physical details | color illustrations ; |
| Dimensions | 25 cm . |
| 520 ## - SUMMARY, ETC. | |
| Summary, etc. | 这是一本温馨的儿童绘本,讲述小动物在成长过程中面对挑战与独立的故事。通过“是否可以自己看家”这样的情境,引导孩子思考责任、勇气和独立性。故事画面温暖、情节简单易懂,非常适合幼儿阅读,同时也帮助家长与孩子进行亲子共读与成长引导。 |
| 942 ## - ADDED ENTRY ELEMENTS (KOHA) | |
| Source of classification or shelving scheme | Dewey Decimal Classification |
| Koha item type | Chinese Book |
| Suppress in OPAC | No |
| Withdrawn status | Lost status | Source of classification or shelving scheme | Damaged status | Not for loan | Collection | Home library | Current library | Shelving location | Date acquired | Total Checkouts | Full call number | Barcode | Date last seen | Price effective from | Koha item type |
|---|---|---|---|---|---|---|---|---|---|---|---|---|---|---|---|
| Dewey Decimal Classification | Reference | Footprints International School Library Network Toul Tom Poung Campus | Footprints International School Library Network Toul Tom Poung Campus | Librarian's Shelf TTP | 04/02/2026 | 大泽千加 895.63 | 2026-0442 | 04/02/2026 | 04/02/2026 | Chinese Book |
